000 00664nam a22002657a 4500
001 BR9405451
003 BR-BrBNA
005 20230928094315.0
007 ta
008 230509b bl.||||| |||| 00| 0 por d
040 _aBR-BrBNA
_bpor
_cBiblioteca Nacional de Agricultura
041 _a(Por)
072 _aM12
_b8510
090 _ 8510 BR9405451
100 1 _aNegret, R.
245 1 _aConsideracoes basicas para a criacao e manejo de jacares
260 3 _aBrasilia, DF (Brasil):
_c1980.
300 _a36 p.
500 _a12 ref.
650 _aJacare
650 _aCriacao
650 _aManejo
909 _a202309
_bLucia
_c55
_dLucia Elande
942 _cBK
999 _c49974
_d49974